Ligne Brig - Visp - Zermatt - Statistiques

Statistiques générales
  • Ce quiz a été pris 5 fois
  • Le résultat moyen est 6 sur 10
Statistiques - réponses
BVZ % Correct
Brig Bahnhofplatz
100%
Visp
100%
Zermatt
100%
Täsch
67%
Eyholz
33%
Herbriggen
33%
Kalpetran
33%
Randa
33%
Stalden-Saas
33%
St Niklaus
33%
Aucun quiz correspondant
Distribution des résultats
% des personnes avec chaque résultat
Percentile par nombre de réponses
Votre historique - résultats
Vous n’avez pas pris ce quiz